书目信息 |
| 题名: |
河南科技大学史
|
|
| 作者: | ;河南科技大学史(1952-2012) | |
| 分册: | 下册 | |
| 出版信息: | 郑州 河南科学技术出版社 2015.02 |
|
| 页数: | 544页 | |
| 开本: | 20cm | |
| 丛书名: | ||
| 单 册: | ||
| 中图分类: | G649.286.13 | |
| 科图分类: | ||
| 主题词: | 教育--各级 | |
| 电子资源: | ||
| ISBN: | 978-7-5349-8020-6 | |
| 000 | 00677nam0 2200205 45 | |
| 001 | 2031367183 | |
| 005 | 20200516084303.11 | |
| 010 | @a978-7-5349-8020-6@dRMB 80.00 | |
| 100 | @a20200516d2015 km y0chiy0120 ea | |
| 101 | 0 | @achi |
| 102 | @aCN@b410000 | |
| 200 | 1 | @a河南科技大学史@Ahe nan ke ji da xue shi@e1952-2012@h下册@f河南科技大学史(1952-2012)@Fhe nan ke ji da xue shi(1952-2012) |
| 210 | @a郑州@c河南科学技术出版社@d2015.02 | |
| 215 | @a544页@d20cm | |
| 517 | @a1952-2012 | |
| 606 | 0 | @a教育@x各级 |
| 690 | @aG649.286.13@v4 | |
| 711 | 02 | @a河南科技大学史(1952-2012)@Ahe nan ke ji da xue shi(1952-2012) |
| 801 | 0 | @aCN@bPFT@c20200516 |
| 905 | @a10447@dG649.286.13@eH265:2 | |
| 河南科技大学史:1952-2012.下册/河南科技大学史(1952-2012).-郑州:河南科学技术出版社,2015.02 |
| 544页;20cm |
| ISBN 978-7-5349-8020-6:RMB 80.00 |
| ● |
| 相关链接 |
|
|
|
正题名:河南科技大学史
索取号:G649.286.13/H265:2
 
预约/预借
| 序号 | 登录号 | 条形码 | 馆藏地/架位号 | 状态 | 备注 |
| 1 | 1303522 | 213035222 | 社科库409/409社科库 15排3列1层/ [索取号:G649.286.13/H265:2] | 在馆 |